Salta al contenuto

Экономика организаций учебное пособие

Настоящее пособие предназначено для проведения практических занятий и самостоятельной работы студентов очной и очно-заочной форм обучения направления подготовки 38.03.02 Менеджмент. Печатается по решению учебно-методического совета ФГБОУ ВО «Нижегородский государственный агротехнологический универси...

Descrizione completa

Salvato in:
Dettagli Bibliografici
Autore principale: Безаев И. И.
Altri autori: Шарина А. В.
Natura: Книга
Lingua:Russian
Pubblicazione: Нижний Новгород Нижегородский ГАТУ 2024
Accesso online:https://e.lanbook.com/book/488846
https://e.lanbook.com/img/cover/book/488846.jpg
Tags: Aggiungi Tag
Nessun Tag, puoi essere il primo ad aggiungerne! !
LEADER 01688nam0a2200289 i 4500
001 488846
003 RuSpLAN
005 20250603113924.0
008 250603s2024 ru gs 000 0 rus
020 |a 978-5-605-1872-1 
040 |a RuSpLAN 
041 0 |a rus 
044 |a ru 
080 |a 338.43 
084 |a 65.291  |2 rubbk 
245 0 0 |a Экономика организаций  |b учебное пособие  |c Безаев И. И.,Шарина А. В. 
260 |a Нижний Новгород  |b Нижегородский ГАТУ  |c 2024 
300 |a 516 с. 
504 |a Библиогр.: доступна в карточке книги, на сайте ЭБС Лань 
520 8 |a Настоящее пособие предназначено для проведения практических занятий и самостоятельной работы студентов очной и очно-заочной форм обучения направления подготовки 38.03.02 Менеджмент. Печатается по решению учебно-методического совета ФГБОУ ВО «Нижегородский государственный агротехнологический университет имени Л. Я. Флорентьева». 
521 8 |a Книга из коллекции Нижегородский ГАТУ - Экономика и менеджмент 
521 8 |a СЭБ 
100 1 |a Безаев И. И. 
700 1 |a Шарина А. В. 
856 4 |u https://e.lanbook.com/book/488846 
856 4 8 |u https://e.lanbook.com/img/cover/book/488846.jpg 
953 |a https://e.lanbook.com/img/cover/book/488846.jpg